Pluralism and democracy in India : (Record no. 114485)
[ view plain ]
| 000 -LEADER | |
|---|---|
| fixed length control field | 00784cam a2200241 i 4500 |
| 001 - CONTROL NUMBER | |
| control field | 17924342 |
| 005 - DATE AND TIME OF LATEST TRANSACTION | |
| control field | 20191106093801.0 |
| 008 - FIXED-LENGTH DATA ELEMENTS--GENERAL INFORMATION | |
| fixed length control field | 131031s2015 enk b 101 0 eng |
| 020 ## - INTERNATIONAL STANDARD BOOK NUMBER | |
| International Standard Book Number | 9780195395532 (pbk. : alk. paper) |
| 020 ## - INTERNATIONAL STANDARD BOOK NUMBER | |
| International Standard Book Number | 9780195394825 (hardcover : alk. paper) |
| 040 ## - CATALOGING SOURCE | |
| Transcribing agency | PK-LaUMT |
| 082 00 - DEWEY DECIMAL CLASSIFICATION NUMBER | |
| Classification number | 322.10954 |
| Edition number | 23 |
| Item number | PLU- |
| 245 00 - TITLE STATEMENT | |
| Title | Pluralism and democracy in India : |
| Remainder of title | debating the Hindu right / |
| Statement of responsibility, etc | Edited by Wendy Doniger and Martha C. Nussbaum |
| 260 ## - PUBLICATION, DISTRIBUTION, ETC. (IMPRINT) | |
| Place of publication, distribution, etc | Oxford : |
| Name of publisher, distributor, etc | Oxford University Press, |
| Date of publication, distribution, etc | 2015 |
| 300 ## - PHYSICAL DESCRIPTION | |
| Extent | xiii, 384 p. ; |
| Dimensions | 25 cm |
| 650 #0 - SUBJECT ADDED ENTRY--TOPICAL TERM | |
| Topical term or geographic name as entry element | Hinduism and politics |
| 650 #0 - SUBJECT ADDED ENTRY--TOPICAL TERM | |
| Topical term or geographic name as entry element | Democracy |
| General subdivision | Religious aspects |
| -- | Hinduism |
| 650 #0 - SUBJECT ADDED ENTRY--TOPICAL TERM | |
| Topical term or geographic name as entry element | Hindutva |
| 650 #0 - SUBJECT ADDED ENTRY--TOPICAL TERM | |
| Topical term or geographic name as entry element | Pluralism |
| 700 1# - ADDED ENTRY--PERSONAL NAME | |
| Personal name | Doniger, Wendy, |
| 700 1# - ADDED ENTRY--PERSONAL NAME | |
| Personal name | Nussbaum, Martha Craven, |
| 942 ## - ADDED ENTRY ELEMENTS (KOHA) | |
| Koha item type | Books |
| Withdrawn status | Lost status | Damaged status | Home library | Current library | Date acquired | Full call number | Barcode | Date last seen | Price effective from | Koha item type |
|---|---|---|---|---|---|---|---|---|---|---|
| UMT Main Campus | UMT Main Campus | 2019-11-06 | 322.10954 PLU- | 130084 | 2022-12-17 | 2019-11-06 | Books |
